Red Sea reef fishes /

محفوظ في:

المؤلف الرئيسي: Randall, John E., 1924-

التنسيق: كتاب

اللغة: English

منشور في: London : Immel, 1992.

الموضوعات:

الوسوم: إضافة وسم

لا توجد وسوم, كن أول من يضع وسما على هذه التسجيلة!

رقم الطلب: QL622.34 .R36

LEADER 00582nam a22002057a 4500
003 OSt
005 20251124075823.0
008 251124t19921983enka 000 0 eng d
040 |c ARCE Library 
050 1 4 |a QL622.34  |b .R36 
100 1 |a Randall, John E.,   |d 1924- 
245 1 0 |a Red Sea reef fishes /   |c John E. Randall. 
264 1 |a London :  |b Immel,  |c 1992. 
300 |a 192 p. :  |b col. ill. ;  |c 31 cm. 
336 |2 rdacontent  |a text  |b txt 
504 |a Includes index. 
650 0 |a Coral reef fishes -- Red Sea -- Pictorial works. 
901 |a reviewed 
942 |2 lcc  |c BK 
999 |c 48750  |d 48750